Neguri / (Record no. 7505)

MARC details
000 -LEADER
campo de control de longitud fija 00975nam a2200289 i 4500
001 - NÚMERO DE CONTROL
campo de control 7505
003 - IDENTIFICADOR DE NÚMERO DE CONTROL
campo de control ES-MaACL
005 - FECHA Y HORA DE LA ÚLTIMA TRANSACCIÓN
campo de control 20230906145241.0
007 - CAMPO FIJO DE DESCRIPCIÓN FÍSICA--INFORMACIÓN GENERAL
campo de control de longitud fija t|
008 - DATOS DE LONGITUD FIJA--INFORMACIÓN GENERAL
campo de control de longitud fija 910124s1990 sp ||||1| spa d
020 ## - NÚMERO INTERNACIONAL ESTÁNDAR DEL LIBRO
Número Internacional Estándar del Libro 84-86421-65-9
080 ## - NÚMERO DE LA CLASIFICACIÓN DECIMAL UNIVERSAL
Número de la Clasificación Decimal Universal 332.1(46)BBV"1987/1990"
080 ## - NÚMERO DE LA CLASIFICACIÓN DECIMAL UNIVERSAL
Número de la Clasificación Decimal Universal 338(46)"1987/1990"
080 ## - NÚMERO DE LA CLASIFICACIÓN DECIMAL UNIVERSAL
Número de la Clasificación Decimal Universal 332:92 Sanchez Asiain, Jose Angel
100 1# - ENTRADA PRINCIPAL--NOMBRE DE PERSONA
Nombre de persona Amigot, Mikel.
9 (RLIN) 21245
245 10 - MENCIÓN DEL TÍTULO
Título Neguri /
Mención de responsabilidad, etc. Mikel Amigot.
250 ## - MENCION DE EDICION
Mención de edición 1a ed.
260 ## - PUBLICACIÓN, DISTRIBUCIÓN, ETC.
Lugar de publicación, distribución, etc. Barcelona :
Nombre del editor, distribuidor, etc. Tibidabo,
Fecha de publicación, distribución, etc. 1990.
300 ## - DESCRIPCIÓN FÍSICA
Extensión 224 p. ;
Dimensiones 21 cm.
490 1# - MENCIÓN DE SERIE
Mención de serie Tibidabo actualidad
500 ## - NOTA GENERAL
Nota general Tit. de la cub.: Neguri : Asiain y las tres losas de la banca vasca : la connivencia con ETA, la muerte de Pedro Toledo y la traicion de Felipe Gonzalez.
600 14 - PUNTO DE ACCESO ADICIONAL DE MATERIA--NOMBRE DE PERSONA
Nombre de persona Sánchez Asiaín, José Angel.
9 (RLIN) 102472
610 2# - PUNTO DE ACCESO ADICIONAL DE MATERIA--NOMBRE DE ENTIDAD CORPORATIVA
Nombre de entidad corporativa o nombre de jurisdicción como elemento de entrada Banco Bilbao Vizcaya-
Subdivisión de forma Historia.
9 (RLIN) 2088
830 0# - PUNTO DE ACCESO ADICIONAL DE SERIE-TÍTULO UNIFORME
Título uniforme Tibidabo actualidad
9 (RLIN) 227903
852 ## - LOCALIZACIÓN
Ubicación ES-MaACL
Número de control de estantería L-14768
Sublocalización o colección R.118644
Nota libre . - rust.
Holdings
Estatus retirado Estado de pérdida Estado de daño No para préstamo Biblioteca de origen Biblioteca actual Ubicación en estantería Fecha de adquisición Fuente de adquisición Total de préstamos Signatura topográfica completa Código de barras Visto por última vez Precio de reemplazo Tipo de ítem Koha
        Biblioteca del Ateneo de Madrid Biblioteca del Ateneo de Madrid Depósito 2 17/01/2008     L-14768 1007657 23/02/2023 23/02/2023 Libro impreso